000 00821nam a2200253Ia 4500
003 OSt
005 20220923211203.0
006 a|||||r|||| 00| 0
007 ta
008 220922b |||||||| |||| 00| 0 hin d
020 _a8189537873 (hbk (Set))
_c990
024 _a246,190
037 _b476, 16/02/2011, Eastern Book Linkers
_cTextual
040 _aARTS
_cARTS
_bhin
041 _2hin
_ahin
082 _aQ4:332, 152Q0.1-.2
100 _aसाहा, रणजीत
245 0 _aसहज सिद्ध
246 _aSahaj siddha
260 _aदिल्ली
_b यश पब्लिकेशन्स
_c2010
490 _vखंड 1
942 _hQ4:332, 152Q0.1-.2
_cTEXL
_2CC
999 _c296519
_d296519